000 01276nam a2200313 i 4500
003 EG-GICUC
005 20260512192415.0
008 260407s1990 ku |fr|||| 00| 0 ara d
040 _a EG-GICUC
_bara
_c EG-GICUC
_d EG-GICUC
_erda
041 1 _aara
082 0 4 _221
_a341
_bس ل . ر
092 0 4 _221
099 _aLaw1 11 341.6 س ل . ر 1990
100 0 _aسليمان الشطي
_eمؤلف.
245 1 0 _aرسالة لمن يهمه أمر هذه الأمة /
_cد. سليمان الشطي.
264 1 _aالمنصورية :
_bمركز البحوث والدراسات الكويتية،
_c1990.
300 _a65 صفحة،
_c20 سم.
_bإيضاحيات، صور، مثيليات ؛
336 _2rda content
_atext
337 _2rda media
_aComputer
338 _2rda carrier
_aOnline Resource
490 _aالعدوان العراقي على الكويت دراسات ووثائق
_v [1]
546 _aالنص موازٍ باللغتين العربية والإنجليزية
590 _aإهداء مكتبة الأستاذ الدكتور صلاح عامر
650 1 4 _aالقانون الدولي العام
_2qrmak
651 1 _2qrmak
856 4 0 _uhttps://fll.law.cu.edu.eg/fulltext/bks/B11-09708.pdf
905 _a48
942 _2ddc
_cBK
_e21
_n0
999 _c69473
_d69473